European Countries by Population Range - Tile Select - Statistics

General Stats
  • This quiz has been taken 265 times
  • The average score is 32 of 36
Answer Stats
Question Tile Select % Correct
with a population higher than 50 million Germany Yes
99%
with a population higher than 50 million Romania No
99%
with a population higher than 50 million United Kingdom Yes
99%
with a population higher than 50 million France Yes
98%
with a population higher than 50 million Greece No
98%
with a population higher than 50 million Netherlands No
98%
with a population lower than 1 million Lithuania No
97%
with a population higher than 50 million Russia Yes
97%
with a population lower than 1 million Albania No
96%
with a population lower than 1 million Monaco Yes
96%
with a population lower than 1 million Andorra Yes
95%
with a population lower than 1 million Liechtenstein Yes
95%
with a population lower than 1 million Slovenia No
94%
with a population higher than 50 million Poland No
93%
with a population lower than 1 million Iceland Yes
91%
with a population lower than 1 million Malta Yes
91%
with a population between 1 and 5 million San Marino No
90%
with a population between 1 and 5 million Lithuania Yes
89%
with a population between 1 and 5 million Bosnia and Herzegovina Yes
87%
with a population between 1 and 5 million Portugal No
87%
with a population between 5 and 15 million Switzerland Yes
87%
with a population between 5 and 15 million Austria Yes
86%
with a population lower than 1 million Moldova No
86%
with a population between 5 and 15 million North Macedonia No
85%
with a population between 5 and 15 million Sweden Yes
84%
with a population higher than 50 million Italy Yes
83%
with a population between 1 and 5 million Slovenia Yes
83%
with a population between 5 and 15 million Belgium Yes
82%
with a population between 1 and 5 million Hungary No
82%
with a population between 5 and 15 million Latvia No
80%
with a population between 5 and 15 million Romania No
78%
with a population between 5 and 15 million Serbia Yes
78%
with a population between 1 and 5 million Czech Republic No
73%
with a population between 5 and 15 million Belarus Yes
69%
with a population between 1 and 5 million Bulgaria No
69%
with a population between 1 and 5 million Luxembourg No
63%
No matching quizzes found
Score Distribution
Percent of People with Each Score
Percentile by Number Answered
Your Score History
You have not taken this quiz